| 000 | 00395nam a2200133Ia 4500 | ||
|---|---|---|---|
| 008 | 220214s9999 xx 000 0 und d | ||
| 245 | 0 | _aTHAILAND RUBBER STATISTICS | |
| 260 |
_bRubber Division, Department of Agriculture _aThailand |
||
| 310 | _aQ | ||
| 500 | _aEnding Volume & Year: 19, 1990 | ||
| 500 | _aMissing Volume: 4-7;15-16;18 | ||
| 500 | _aStarting Volume & Year: 1, 1972 | ||
| 942 | _cBJ | ||
| 999 |
_c8660 _d8660 |
||